Medzinárodná spolupráca krajín V4 v oblasti propagácie cestovného ruchu

Charakteristika projektu The European Quartet - projektu spolupráce krajín V4 v oblasti cestovného ruchu. Orientácia na vzdialené krajiny - USA, Japonsko, Čína a Rusko. Marketingové aktivity projektu. Aktuálna situácia v realizácii projektu The European Quartet.

Gespeichert in:
Bibliographische Detailangaben
1. Verfasser: Čechovičová, Adriána
Format: Buchkapitel
Sprache:Slowakisch
Schlagworte:
Tags: Tag hinzufügen
Keine Tags, Fügen Sie das erste Tag hinzu!

MARC

LEADER 00000naa$a2200000$$$4500
001 0073286
005 20240502071853.1
041 0 |a slo 
044 |a SK 
245 1 0 |a Medzinárodná spolupráca krajín V4 v oblasti propagácie cestovného ruchu  |c Adriána Čechovičová 
520 |a Charakteristika projektu The European Quartet - projektu spolupráce krajín V4 v oblasti cestovného ruchu. Orientácia na vzdialené krajiny - USA, Japonsko, Čína a Rusko. Marketingové aktivity projektu. Aktuálna situácia v realizácii projektu The European Quartet. 
610 2 0 |a ruch cestovný 
610 2 0 |a spolupráca medzinárodná 
610 2 0 |a kooperácia 
610 2 0 |a Vyšehradská štvorka 
610 2 0 |a marketing 
610 2 0 |a propagácia 
610 2 0 |a regióny 
610 2 0 |a projekty medzinárodné 
100 1 |a Čechovičová, Adriána